T20-1 駅名クイズ - 2000年以降に廃止になった私鉄線 ver. - Statistics

General Stats
  • This quiz has been taken 14 times
  • The average score is 84 of 346
Answer Stats
Number Answer % Correct
八百津
100%
永平寺
91%
Y1 屋代
91%
田神
91%
高島
82%
輪島
82%
岐阜駅前
82%
谷汲
82%
吉良吉田
82%
三木
82%
高千穂
82%
池田
73%
鉾田
73%
向ヶ丘遊園
73%
珠洲
73%
蛸島
73%
木島
73%
小牧
73%
北見
64%
下北
64%
大畑
64%
十和田市
64%
高島町
64%
桜木町
64%
猪谷
64%
穴水
64%
NY13 須坂
64%
64%
犬山遊園
64%
宮地岳
64%
三沢
55%
石岡
55%
大甕
55%
加賀一の宮
55%
新岐阜駅前
55%
大須
55%
西中金
55%
成田山
55%
桃花台東
55%
HN11 住吉公園
55%
藤並
55%
M2 猿猴橋町
55%
延岡
55%
足寄
45%
陸別
45%
石越
45%
常北太田
45%
飛驒神岡
45%
室堂
45%
田上
45%
競輪場前
45%
新関
45%
明智
45%
小牧原
45%
桃花台西
45%
厄神
45%
みどり口
45%
みどり中央
45%
栗駒
36%
神岡鉱山前
36%
奥飛驒温泉口
36%
扇沢
36%
能登三井
36%
藤波
36%
東古市
36%
信州中野
36%
徹明町
36%
忠節
36%
黒野
36%
本揖斐
36%
国包
36%
金屋口
36%
水軒
36%
みどり中街
36%
西鉄古賀
36%
加津佐
36%
訓子府
27%
鶯沢
27%
東田中
27%
鮎川
27%
上野動物園東園
27%
上野動物園西園
27%
黒部ダム
27%
大観峰
27%
宇出津
27%
白丸
27%
恋路
27%
飯田
27%
金宝町
27%
金園町九丁目
27%
野一色
27%
下芥見
27%
上芥見
27%
新田
27%
近ノ島
27%
旦ノ島
27%
尻毛
27%
清水
27%
市ノ坪
27%
兼山
27%
中区
27%
三河広瀬
27%
枝下
27%
西一色
27%
三河一色
27%
動物園
27%
桃花台センター
27%
西這田
27%
折尾
27%
有家
27%
日之影温泉
27%
天岩戸
27%
本別
18%
北光社
18%
田名部
18%
七百
18%
津久毛
18%
鶯沢工業高校前
18%
細倉マインパーク前
18%
石岡南台
18%
常陸小川
18%
18%
玉造町
18%
向ヶ丘遊園正門
18%
茂住
18%
漆山
18%
神岡大橋
18%
能登市ノ瀬
18%
中居
18%
比良
18%
鹿波
18%
18%
前波
18%
古君
18%
鵜川
18%
七見
18%
矢波
18%
波並
18%
羽根
18%
小浦
18%
縄文真脇
18%
九十九湾小木
18%
九里川尻
18%
松波
18%
鵜島
18%
南黒丸
18%
鵜飼
18%
上戸
18%
正院
18%
諏訪間
18%
京善
18%
市野々
18%
Y3 雨宮
18%
Y5 象山口
18%
Y6 松代
18%
Y12 井上
18%
千手堂
18%
本郷町
18%
西野町
18%
早田
18%
金園町四丁目
18%
梅林
18%
北一色
18%
琴塚
18%
日野橋
18%
白金
18%
小屋名
18%
黒野北口
18%
豊木
18%
稲富
18%
更地
18%
北野畑
18%
赤石
18%
長瀬
18%
又丸
18%
北方東口
18%
北方千歳町
18%
美濃北方
18%
真桑
18%
政田
18%
下方
18%
相羽
18%
中之元
18%
兼山口
18%
中野
18%
長間
18%
市之枝
18%
八神
18%
三河御船
18%
玉津浦
18%
棚尾
18%
三河旭
18%
中畑
18%
三河平坂
18%
三河楠
18%
寺津
18%
松木島
18%
下石野
18%
石野
18%
別所
18%
築港町
18%
古賀ゴルフ場前
18%
西鉄福間
18%
津屋崎
18%
西有家
18%
原城
18%
口之津
18%
行縢
18%
吐合
18%
川水流
18%
様舞
9%
大森
9%
勇足
9%
南本別
9%
岡女堂
9%
仙美里
9%
愛冠
9%
西一線
9%
塩幌
9%
上利別
9%
笹森
9%
大誉地
9%
薫別
9%
分線
9%
川上
9%
小利別
9%
置戸
9%
豊住
9%
境野
9%
西訓子府
9%
西富
9%
穂波
9%
日ノ出
9%
広郷
9%
上常呂
9%
海老川
9%
樺山
9%
陸奥関根
9%
川代
9%
正津川
9%
大曲
9%
柳沢
9%
古里
9%
三農校前
9%
高清水
9%
北里大学前
9%
工業高校前
9%
ひがし野団地
9%
荒町
9%
若柳
9%
谷地畑
9%
大岡小前
9%
大岡
9%
沢辺
9%
杉橋
9%
鳥矢崎
9%
栗原田町
9%
尾松
9%
玉里
9%
新高浜
9%
四箇村
9%
小川高校下
9%
桃浦
9%
八木蒔
9%
榎本
9%
借宿前
9%
巴川
9%
坂戸
9%
小沢
9%
常陸岡田
9%
川中子
9%
大橋
9%
茂宮
9%
南高野
9%
久慈浜
9%
水木
9%
大沼
9%
河原子
9%
桜川
9%
飛驒中山
9%
沖波
9%
中鶴来
9%
中野北
9%
四ヶ郷
9%
赤岩
9%
信濃安田
9%
Y2 東屋代
9%
Y4 岩野
9%
Y7 金井山
9%
Y8 大室
9%
Y9 信濃川田
9%
Y10 若穂
9%
Y11 綿内
9%
金町
9%
岩田坂
9%
岩田
9%
赤土坂
9%
牧野
9%
上末
9%
北ゲート
9%
西ゲート
9%
宗佐
9%
高木
9%
田殿口
9%
下津野
9%
御霊
9%
久保町
9%
築地橋
9%
皇后崎
9%
陣の原
9%
折尾東口
9%
花見
9%
秩父が浦
9%
安徳
9%
瀬野深江
9%
深江
9%
布津新田
9%
布津
9%
堂崎
9%
蒲河
9%
龍石
9%
北有馬
9%
常光寺前
9%
浦田観音
9%
有馬吉川
9%
東大屋
9%
白浜海水浴場前
9%
西延岡
9%
細見
9%
日向岡元
9%
曽木
9%
上崎
9%
早日渡
9%
亀ヶ崎
9%
槇峰
9%
日向八戸
9%
吾味
9%
影待
9%
深角
9%
EXPOドーム
9%
No matching quizzes found
Score Distribution
Percent of People with Each Score
Percentile by Number Answered
Your Score History
You have not taken this quiz